书目信息 |
| 题名: |
交通图象检测与分析
|
|
| 作者: | 史忠科 , 曹力 著 | |
| 分册: | ||
| 出版信息: | 北京 科学出版社 |
|
| 页数: | 248页 | |
| 开本: | 26cm | |
| 丛书名: | ||
| 单 册: | ||
| 中图分类: | U491.1 | |
| 科图分类: | ||
| 主题词: | 交通工程--技术管理 , 公路运输--技术管理 | |
| 电子资源: | ||
| ISBN: | 978-7-03-018720-8 | |
| 000 | 00645nam0 2200205 450 | |
| 001 | 1734993170 | |
| 005 | 20170405094313.18 | |
| 010 | @a978-7-03-018720-8@b精装@d¥40.00 | |
| 100 | @a20170405d km y0chiy0120 ea | |
| 101 | 0 | @achi |
| 200 | 1 | @a交通图象检测与分析@Ajiao tong tu xiang jian ce yu fen xi@f史忠科,曹力著@Fshi zhong ke,cao li zhu |
| 210 | @a北京@c科学出版社 | |
| 215 | @a248页@d26cm | |
| 606 | 0 | @a交通工程@x技术管理 |
| 606 | 0 | @a公路运输@x技术管理 |
| 690 | @aU491.1@v4 | |
| 701 | 0 | @a史忠科@Ashi zhong ke@4著 |
| 701 | 0 | @a曹力@Acao li@4著 |
| 801 | 0 | @aCN@b大连网信软件有限公司图书馆·11@c20170405 |
| 905 | @b6705590@dU491.1@eS1@f1 | |
| 交通图象检测与分析/史忠科,曹力著.-北京:科学出版社 |
| 248页;26cm |
| ISBN 978-7-03-018720-8(精装):¥40.00 |
| ● |
| 相关链接 |
|
|
|
|
正题名:交通图象检测与分析
索取号:U491.1/S1
 
预约/预借
| 序号 | 登录号 | 条形码 | 馆藏地/架位号 | 状态 | 备注 |
| 1 | 6705590 | 267055900 | 密集书库-数信学院/ [索取号:U491.1/S1] | 在馆 |